Panduan Penulisan Surat Rasmi & Memo (Record no. 4797)

000 -LEADER
fixed length control field nam a22 7a 4500
005 - DATE AND TIME OF LATEST TRANSACTION
control field 20190716152731.0
008 - FIXED-LENGTH DATA ELEMENTS--GENERAL INFORMATION
fixed length control field 190716|20162016my ||||| |||| 00| 0 eng d
040 ## - CATALOGING SOURCE
Original cataloging agency AKMAL
082 ## - DEWEY DECIMAL CLASSIFICATION NUMBER
Classification number 808.06601 JKDM
090 ## - LOCALLY ASSIGNED LC-TYPE CALL NUMBER (OCLC); LOCAL CALL NUMBER (RLIN)
Classification number (OCLC) (R) ; Classification number, CALL (RLIN) (NR) 808.06601
Local cutter number (OCLC) ; Book number/undivided call number, CALL (RLIN) JKDM
100 ## - MAIN ENTRY--PERSONAL NAME
Personal name JKDM
Dates associated with a name 15 November 2016
9 (RLIN) 9147
245 ## - TITLE STATEMENT
Title Panduan Penulisan Surat Rasmi & Memo
Remainder of title Jabatan Kastam Diraja Malaysia
260 ## - PUBLICATION, DISTRIBUTION, ETC.
Place of publication, distribution, etc. Jabatan Kastam Diraja Malaysia
Name of publisher, distributor, etc. Bahagian Perancangan Korporat, Cawangan Perhubungan Awam, Putrajaya
Date of publication, distribution, etc. 15 November 2016
264 ## - PRODUCTION, PUBLICATION, DISTRIBUTION, MANUFACTURE, AND COPYRIGHT NOTICE
Place of production, publication, distribution, manufacture Jabatan Kastam Diraja Malaysia
Name of producer, publisher, distributor, manufacturer Bahagian Perancangan Korporat, Cawangan Perhubungan Awam, Putrajaya
Date of production, publication, distribution, manufacture, or copyright notice 15 November 2016
300 ## - PHYSICAL DESCRIPTION
Extent 20pg
Dimensions 24cm
942 ## - ADDED ENTRY ELEMENTS (KOHA)
Source of classification or shelving scheme
Koha item type Book
Holdings
Withdrawn status Lost status Source of classification or shelving scheme Damaged status Not for loan Collection code Home library Current library Shelving location Date acquired Total Checkouts Full call number Barcode Date last seen Price effective from Koha item type
          NON-FICTION AKMAL Melaka AKMAL Melaka PINJAMAN 16.07.2019   808.06601 JKDM 201707801 16.07.2019 16.07.2019 Book
          NON-FICTION AKMAL Melaka AKMAL Melaka PINJAMAN 16.07.2019   808.06601 JKDM 201707802 16.07.2019 16.07.2019 Book
          NON-FICTION AKMAL Melaka AKMAL Melaka PINJAMAN 16.07.2019   808.06601 JKDM 201707803 16.07.2019 16.07.2019 Book
Pusat Sumber Maklumat Dato' Haji Sarmin Md Hussin, Akademi Kastam Diraja Malaysia, Melaka
Tel: 06-2331106 | Faks: 06-2313787